Revisión de las fichas de identificación de la FAO para peces marinos del Atlántico Centro-Occidental, incluyendo nuevos registros para el Caribe colombiano (Registro nro. 16093)

Detalles MARC
000 -CABECERA
Campo de control 004910000a22001210004500
090 ## - CLASIFICACIÓN LOCAL
Colección AS
Consecutivo Seriadas
041 0# - IDIOMA
Código de idioma para texto/pista de sonido o título separado
100 1# - ASIENTO PRINCIPAL--NOMBRE PERSONAL
Nombre personal Acero P., Arturo
245 10 - MENCION DE TITULO
Título Revisión de las fichas de identificación de la FAO para peces marinos del Atlántico Centro-Occidental, incluyendo nuevos registros para el Caribe colombiano
700 1# - ASIENTO SECUNDARIO - NOMBRE PERSONAL
Nombre personal Garzón F., Jaime
773 1# - Item fuente:
Título Anales del Instituto de Investigaciones Marinas de Punta de Betín
Descripción física 12
Paginas del Articulo 33-39
Lugar, editorial y fecha de publicación 1982
942 ## - ELEMENTOS ADICIONALES (KOHA)
Tipo de ítem Artículo

No hay ítems disponibles.